Duševné vlastníctvo a jeho aplikácia v stavebníctve

Pojem duševné vlastníctvo, jeho zložky a ochrana. Práva duševného vlastníctva - autorské právo, právo priemyselného vlastníctva. Právne predpisy upravujúce duševné vlastníctvo a presadzovanie jeho práv. Štatistika patentov, ochranných známok, priemyselných vzorov vo vybraných krajinách sveta. Duševn...

Descrizione completa

Salvato in:
Dettagli Bibliografici
Autore principale: Uhliar, Miroslav, 1981-
Natura: Capitolo di libro
Lingua:slovacco
Soggetti:
Tags: Aggiungi Tag
Nessun Tag, puoi essere il primo ad aggiungerne!!

MARC

LEADER 00000nla a2200000 4500
001 0201898
005 20240527082852.9
041 0 |a slo 
044 |a SK 
245 1 0 |a Duševné vlastníctvo a jeho aplikácia v stavebníctve  |c Miroslav Uhliar 
520 |a Pojem duševné vlastníctvo, jeho zložky a ochrana. Práva duševného vlastníctva - autorské právo, právo priemyselného vlastníctva. Právne predpisy upravujúce duševné vlastníctvo a presadzovanie jeho práv. Štatistika patentov, ochranných známok, priemyselných vzorov vo vybraných krajinách sveta. Duševné vlastníctvo a stavebníctvo. 
610 2 0 |a vlastníctvo duševné 
610 2 0 |a ochrana vlastníctva 
610 2 0 |a ochrana autorstva 
610 2 0 |a úpravy právne 
610 2 0 |a stavebníctvo 
100 1 |a Uhliar, Miroslav, 1981-